|
|
|
|
| LEADER |
00000cam a2200000 7i4500 |
| 001 |
0000002432 |
| 005 |
20030616.0 |
| 020 |
0 |
0 |
|a 3880851204
|
| 090 |
0 |
0 |
|a 634.9096662
|b DUD 1981
|
| 100 |
1 |
0 |
|a DUDEK
|h Siegfried
|
| 245 |
1 |
0 |
|a Lesser known Liberian timber species :
|b description of physical and mechanical properties, natural durability, treatability, workability and suggested uses
|c Siegfries Dudek, Bernhard Forster, Karl Klissenbauer
|
| 260 |
0 |
0 |
|a Eschborn :
|b German Agency for Technical Cooperation ,
|c 1981
|
| 300 |
|
|
|a 168 p. :
|b ill. (some col.) ;
|c 21 cm.
|
| 650 |
0 |
0 |
|a Timber
|z Liberia
|
| 700 |
0 |
1 |
|a Forster
|h Bernhard
|
| 700 |
0 |
1 |
|a Klissenbauer
|h Karl
|
| 998 |
|
|
|a JPSM
|
| 999 |
|
|
|a 0000004088
|b Monograph
|c Open Shelf
|e Default branch
|